[Event "Wiesbaden op 31st"]
[Site "Wiesbaden"]
[Date "2019.08.25"]
[Round "7"]
[White "Seidel, Martin"]
[Black "Tepe, Josef"]
[Result "1/2-1/2"]
[WhiteElo "1827"]
[BlackElo "2044"]
[PlyCount "30"]
[EventDate "2019.08.22"]
[EventType "swiss"]
[EventRounds "7"]
[EventCountry "GER"]
[SourceTitle "EXT 2020"]
[Source "ChessBase"]
[SourceDate "2019.10.17"]
[SourceVersion "1"]
[SourceVersionDate "2019.10.17"]
[SourceQuality "1"]

1. d4 d5 2. Bf4 c5 3. e3 Nc6 4. Nc3 cxd4 5. exd4 Bf5 6. Bd3 g6 7. Nge2 Bg7 8. Bxf5 gxf5 9. Qd3 e6 10. Nb5 Kf8 11. 0-0 a6 12. Nbc3 Nge7 13. Qd2 h5 14. Be3 Ng6 15. f4 Nce7 1/2-1/2

[Event "Wiesbaden op 31st"]
[Site "Wiesbaden"]
[Date "2019.08.25"]
[Round "6"]
[White "Yaghy, Ritta"]
[Black "Seidel, Martin"]
[Result "1/2-1/2"]
[WhiteElo "1989"]
[BlackElo "1827"]
[PlyCount "62"]
[EventDate "2019.08.22"]
[EventType "swiss"]
[EventRounds "7"]
[EventCountry "GER"]
[SourceTitle "EXT 2020"]
[Source "ChessBase"]
[SourceDate "2019.10.17"]
[SourceVersion "1"]
[SourceVersionDate "2019.10.17"]
[SourceQuality "1"]

1. e4 e6 2. d4 d5 3. Nc3 Bb4 4. a3 Bxc3+ 5. bxc3 dxe4 6. Qg4 Nf6 7. Qxg7 Rg8 8. Qh6 Nbd7 9. Ne2 b6 10. Nf4 Bb7 11. Be3 Qe7 12. Be2 0-0-0 13. Qh3 Kb8 14. c4 e5 15. Nd5 Nxd5 16. cxd5 exd4 17. Bxd4 Bxd5 18. 0-0 Ne5 19. Be3 f6 20. Bf4 Ng6 21. Be3 Qe5 22. Qg3 f5 23. Qxe5 Nxe5 24. Rfd1 Bc4 25. Bh5 Kc8 26. h3 Rxd1+ 27. Rxd1 Rd8 28. Rxd8+ Kxd8 29. Bd4 Ng6 30. g3 Ke7 31. f3 Bd5 1/2-1/2

[Event "Wiesbaden op 31st"]
[Site "Wiesbaden"]
[Date "2019.08.23"]
[Round "3"]
[White "Seidel, Martin"]
[Black "Schneider, Joerg"]
[Result "0-1"]
[WhiteElo "1827"]
[BlackElo "2127"]
[PlyCount "104"]
[EventDate "2019.08.22"]
[EventType "swiss"]
[EventRounds "7"]
[EventCountry "GER"]
[SourceTitle "EXT 2020"]
[Source "ChessBase"]
[SourceDate "2019.10.17"]
[SourceVersion "1"]
[SourceVersionDate "2019.10.17"]
[SourceQuality "1"]

1. d4 Nf6 2. Bg5 Ne4 3. Bf4 c5 4. f3 Nf6 5. d5 d6 6. e4 Nbd7 7. c4 a6 8. Nc3 Rb8 9. Bd3 g6 10. Nge2 Nh5 11. Be3 Ne5 12. 0-0 Bg7 13. Rb1 0-0 14. b4 cxb4 15. Rxb4 Nd7 16. Bd4 Bxd4+ 17. Nxd4 Qc7 18. Nce2 Qc5 19. Rb3 Nf4 20. Kh1 Ne5 21. Nxf4 Qxd4 22. Be2 Qc5 23. Nd3 Nxd3 24. Qxd3 e5 25. Rfb1 f5 26. Qe3 Qxe3 27. Rxe3 fxe4 28. fxe4 b5 29. cxb5 axb5 30. g3 Bd7 31. Kg2 Ra8 32. a3 Ra5 33. Rbb3 Rc8 34. g4 Rc2 35. Kg3 Ra2 36. h3 Kf7 37. Bf1 Ke7 38. Rec3 Ra1 39. Bd3 h5 40. Be2 Ra2 41. Re3 hxg4 42. Bxg4 Bxg4 43. hxg4 Kf6 44. Kh4 Rh2+ 45. Kg3 Rh1 46. Rb4 Kg5 47. Reb3 Rg1+ 48. Kf3 Ra8 49. Rxb5 Rf8+ 50. Ke2 Rg2+ 51. Kd3 Rxg4 52. R5b4 Rf3+ 0-1

[Event "Wiesbaden op 30th"]
[Site "Wiesbaden"]
[Date "2018.08.23"]
[Round "1"]
[White "Nagel, Bernhard"]
[Black "Seidel, Martin"]
[Result "1-0"]
[WhiteElo "2214"]
[BlackElo "1860"]
[PlyCount "73"]
[EventDate "2018.08.23"]
[EventType "swiss"]
[EventRounds "7"]
[EventCountry "GER"]
[SourceTitle "CBM 186 Extra"]
[Source "ChessBase"]
[SourceDate "2018.08.24"]
[SourceVersion "1"]
[SourceVersionDate "2018.08.24"]
[SourceQuality "1"]

1. d4 Nf6 2. c4 g6 3. f3 Bg7 4. e4 d6 5. Nc3 Nc6 6. Be3 a6 7. Qd2 e5 8. Nge2 exd4 9. Nxd4 Nxd4 10. Bxd4 Bd7 11. Be2 Rb8 12. a4 0-0 13. 0-0 Qe7 14. Rfe1 Rfe8 15. Bf1 Bc6 16. b4 b6 17. Nd5 Qd8 18. Qc3 Nxd5 19. cxd5 Bxd4+ 20. Qxd4 Bb7 21. Rec1 Re7 22. Rc3 Rc8 23. Rac1 Qd7 24. b5 a5 25. Qf6 Re5 26. g3 Qe7 27. Qxe7 Rxe7 28. Bh3 Rce8 29. Rxc7 f5 30. Kf2 Kf8 31. Rxe7 Rxe7 32. Rc4 fxe4 33. fxe4 Kf7 34. Be6+ Kf6 35. Ke3 Ke5 36. Rc1 h6 37. g4 1-0